1256 1601 1690 1322 1791 1243 1868 1745 1848 1784 1109 1468 1041 1651 1760 1543 1741 1939 1150 1104 1735 1425 1427 1863 1130 1026 1466 1427 1245 1454 1798 1020 1139 1969 1218 1231 1420 1556 1826 1121 1063 1194 1643 1038 1699 1893 1489 1034 1872 1918 1075 1043 1805 1343 1016 1586 1613 1611 1402 1143 1141 1597 1950 1258 1635 1912 1325 1206 1554 1760 1013 1651 1126 1882 1912 1628 1061 1683 1857 1833 1117 1201 1699 1572 1958 1823 1678 1597 1737 1331 1504 1701 1185 1577 1325 1533 1153 1886 1142 BCNSPRNW ULIB Ver.6.0+V

เปลี่ยนเป็นภาษาไทย

Change to English
 แสดงรายละเอียดบรรณานุกรม
  กลับหน้าหลัก

Brief Record : Get Marc (ISO 2709) : E-mail record : QR code < ปิดหน้าต่าง
LEADER : 00000nam 2200000uu 4500
001    13399112651
003     ULIB
008    110830s2550||||th 000 0 tha d
020    9749499468
020    9789749499467
050  4 HV5740^bป196ส 2550
100 0  ประกิต วาทีสาธกกิจ
245 10 สงครามการค้ายาสูบ :^bบันทึกไว้เป็นประวัติศาสตร์ 2 /^cโดยประกิต วาทีสาธกกิจ
246 30 บันทึกไว้เป็นประวัติศาสตร์ 2
250    พิมพ์ครั้งที่ 2
260    กรุงเทพฯ :^bมูลนิธิรณรงค์เพื่อการไม่สูบบุหรี่,^c2550
300    (27), 228 หน้า ;^cภาพประกอบ. ;^c21 ซม.
650  4 การเจรจาการค้า
650  4 การค้าเสรี
650  4 การเลิกบุหรี่
650  4 การสูบบุหรี่
650  4 บุหรี่^xการค้า^zไทย
650  4 บุหรี่^xการตลาด
710 2  มูลนิธิรณรงค์เพื่อการไม่สูบบุหรี่
945    ^p155^l0^i022903
995    ทศพร
999 ^a ทศพร
รายการนี้ยังไม่มีแท็ก
คุณยังไม่ได้ล็อกอิน คุณสามารถมีกิจกรรมร่วมกับเว็บไซต์ได้ แต่ต้องล็อกอินก่อน ::
  ล็อกอิน

รายการสื่อสารสนเทศ

ลำดับที่ ประเภท เลขเรียก/บาร์โค้ด สถานที่ สถานะ
- ไม่พบข้อมูล -

รายการใกล้เคียง
    ผู้แต่ง [ประกิต วาทีสาธกกิจ]

    หัวเรื่อง [การค้าเสรี]
    หัวเรื่อง [การเลิกบุหรี่]
    หัวเรื่อง [การสูบบุหรี่]

BibComment


ยังไม่เคยถูกคอมเมนท์

คอมเมนท์ทรัพยากรรายการนี้
  คอมเมนท์: สงครามการค้ายาสูบ..


 Copyright 2026. Bcnsprnw @Library